000 01016nam0a2200265 4500
001 RU\NLR\bibl\1935310
005 20250616202751.0
010 _a978-5-8209-0801-9
_9100
021 _aRU
_b2012-54865
_94000
035 _a(NLR Aleph) 001924617
090 _a3352658
_c3352657
100 _a20120817d2012 |||y0rusy50 ca
101 0 _arus
102 _aRU
105 _ay zzzz|||||
200 1 _aTeachers' and students' guide to the Olypic Games
_eпрактикум
_gМ-во образования и науки Российской Федерации, Кубанский гос. ун-т
210 _aКраснодар
_cКубанский гос. ун-т
_d2012
215 _d21
700 1 _aЦатурян
_bМ. М.
_gМарина Мартиросовна
_4070
701 1 _aАпетян
_bС. Г.
_4070
801 0 _aRU
_bNLR
_c20120817
_gRCR
801 1 _aRU
_bNLR
_c20120817
942 _cBOOK
980 _aNB